Statistics for MCU characters who appeared in Endgame

Click here to take the quiz!

General Stats

  • This quiz has been taken 908 times
    (887 since last reset)
  • The average score is 35 of 53

Answer Stats

Answer% Correct
Ironman
98%
Captain America
97%
Thor
95%
Hawkeye
94%
Hulk
94%
Black Widow
93%
Starlord
93%
Antman
92%
Gamora
92%
Rocket Raccoon
92%
Spiderman
92%
Groot
91%
Thanos
90%
The Wasp
90%
Black Panther
89%
Nebula
89%
Pepper Potts
89%
Drax
87%
Captain Marvel
86%
Doctor Strange
84%
Falcon
83%
Loki
80%
Scarlet Witch
80%
Warmachine
78%
Bucky Barnes
77%
Mantis
76%
Shuri
72%
Wong
69%
Nick Fury
68%
Okoye
66%
Valkyrie
65%
Morgan Stark
57%
Ebony Maw
49%
Howard Stark
49%
Maria Hill
48%
Peggy Carter
48%
Hank Pym
47%
Happy Hogan
47%
Proxima Midnight
44%
Korg
43%
Ned Leeds
42%
Red Skull
36%
Cull Obsidian
35%
May Parker
34%
Ancient One
33%
Corvus Glaive
33%
Jane Foster
32%
Janet van Dyne
31%
Cassie
30%
Miek
26%
Laura Barton
25%
Lila Barton
14%
Thaddeus Ross
7%

Score Distribution

Percentile by Number Answered

Percent of People with Each Score

Your Score History

You have not taken this quiz since the last reset